Effect of A B fertilizers utilization on lettuce grown in solution condition at at royal university of agriculture crop station ឥទ្ធិពលនៃការប្រើប្រាស់ជី អា បេ​ លើការលូតលាស់ដំណាំសាលាដក្នុងសូលុយស្យុងនៅស្ថានីយ៏ពិសោធន៏ដំណាំ​ នៅសាកលវិទ្យាល័យភូមិន្ទកសិកម្ម (Record no. 834)

000 -LEADER
fixed length control field 00841nam a22001577a 4500
003 - CONTROL NUMBER IDENTIFIER
control field OSt
005 - DATE AND TIME OF LATEST TRANSACTION
control field 20150919141752.0
008 - FIXED-LENGTH DATA ELEMENTS--GENERAL INFORMATION
fixed length control field 150919b xxu||||| |||| 00| 0 eng d
040 ## - CATALOGING SOURCE
Transcribing agency RUA
082 ## - DEWEY DECIMAL CLASSIFICATION NUMBER
Classification number AGR SUY 2006 B034 Or.1
100 ## - MAIN ENTRY--PERSONAL NAME
9 (RLIN) 866
Personal name SUY, LINNA.
245 ## - TITLE STATEMENT
Title Effect of A B fertilizers utilization on lettuce grown in solution condition at at royal university of agriculture crop station ឥទ្ធិពលនៃការប្រើប្រាស់ជី អា បេ​ លើការលូតលាស់ដំណាំសាលាដក្នុងសូលុយស្យុងនៅស្ថានីយ៏ពិសោធន៏ដំណាំ​ នៅសាកលវិទ្យាល័យភូមិន្ទកសិកម្ម
260 ## - PUBLICATION, DISTRIBUTION, ETC. (IMPRINT)
Place of publication, distribution, etc. Phnom Penh
Name of publisher, distributor, etc. RUA
Date of publication, distribution, etc. 2006
300 ## - PHYSICAL DESCRIPTION
Extent 41p.
Other physical details ill.
Dimensions 29cm.
942 ## - ADDED ENTRY ELEMENTS (KOHA)
Source of classification or shelving scheme
Koha item type AGR
Holdings
Price effective from Date last seen Permanent Location Not for loan Date acquired Source of classification or shelving scheme Koha item type Lost status Withdrawn status Total Renewals Date last checked out Total Checkouts Damaged status Barcode Current Location Full call number
2015-09-192023-11-13Library Block B 2015-09-19 AGR   2023-11-076 RUA008029Library Block BAGR SUY 2006 B034 Or.1
2015-09-212019-03-27Library Block B 2015-09-21 AGR  12019-03-052 RUA008445Library Block BAGR SUY 2006 B034 Or.2
មជ្ឈមណ្ឌលឯការនៃសាកលវិទ្យាល័យភូមិន្ទកសិកម្មចំការដូង

Powered by Koha